000 01155nam a2200289 i 4500
003 CO-ViMGA
005 20230915224424.0
008 201203b2020 ck a|||br6||| 00| 0 spa d
020 _a9789585591691
040 _aCO-ViMGA
_bspa
_cCO-ViMGA
084 _aNG BUI2
100 1 _aBuitrago Triviño, Jairo
_d1970-
_eautor
_9162676
245 1 3 _aEl edificio /
_ctexto Jairo Buitrago ; ilustraciones Daniel Rabanal
250 _aEdicion especial
260 _aBogota :
_bBabel Libros,
_c2020
300 _a52 paginas
_bilustraciones
_c25 cm
490 0 _aPlan Nacional de Lectura y Escritura Leer es mi Cuento / Ministerio de Cultura
650 1 7 _2LEMB
_aAutores colombianos
_ySiglo XX
_93714
650 1 7 _2LEMB
_aCiudades y pueblos
_xCrecimiento
_vNovela grafica
_9162606
650 1 7 _2LEMB
_aLiteratura infantil colombiana
_ySiglo XX
_9389
650 1 7 _2LEMB
_aNiños y adultos
_vNovela gráfica
_9162605
650 1 7 _2LEMB
_aNovela grafica colombiana
_ySiglo XX
_923515
650 1 7 _2LEMB
_aSecretos
_vNovela grafica
_9162607
650 1 7 _2LEMB
_aVida cotidiana
_yNovela grafica
_9162604
700 1 _aRabanal, Daniel
_d1949-
_eilustrador
_9162677
942 _2ddc
_cBK
999 _c9073
_d9073